| 000 | 00475nam a2200181Ia 4500 | ||
|---|---|---|---|
| 008 | 240925s9999 xx 000 0 und d | ||
| 020 | _a9780470496565 | ||
| 082 | _a658.16224 FAT | ||
| 100 | _aFater, David H. | ||
| 245 | 0 | _aEssentials of Corporate and Capital Formation | |
| 250 | _aNA | ||
| 260 |
_aAustralia: _bJohn Wiley & Sons _c,2010. |
||
| 300 |
_a264p. _bNA _fOriginal |
||
| 500 | _aIncludes Index | ||
| 600 | _aManagement | ||
| 650 | _aManagement | ||
| 942 | _cBK | ||
| 999 |
_c16689 _d16689 |
||